| 000 | 00622nam a22002417a 4500 | ||
|---|---|---|---|
| 003 | OSt | ||
| 005 | 20140310184339.0 | ||
| 008 | 121112t xxu||||| |||| 00| 0 eng d | ||
| 020 | _a0590465961 | ||
| 050 |
_aPZ 7 _b.P485 1978 |
||
| 100 |
_aPeterson, John. _94724 |
||
| 245 |
_aThe littles: _cJohn Peterson. _bgo exploring / |
||
| 260 |
_aNew York, NY : _bScholastic Inc., _c1978. |
||
| 300 |
_a94 p. : _bill. : col. ; _c20 cm. |
||
| 521 | _aG2 | ||
| 526 | _c440 | ||
| 650 |
_aTravel _xJuvenile _924441 |
||
| 942 |
_2lcc _cBK-SCHOLAS |
||
| 999 |
_c33801 _d33801 |
||